Online
Catalog
Normal view MARC view

Entry Nombre personal

Number of records used in: 31

001 - NÚMERO DE CONTROL

  • campo de control: 210

003 - IDENTIFICADOR DEL NÚMERO DE CONTROL

  • campo de control: BNPHU

005 - FECHA Y HORA DE LA ÚLTIMA TRANSACCIÓN

  • campo de control: 20240307173859.0

008 - DATOS DE LONGITUD FIJA

  • campo de control de longitud fija: 200615|| aca||aabn | a|a d

010 ## - NÚMERO DE CONTROL DE LA BIBLIOTECA DEL CONGRESO

  • Número de control de LC: n 86832605

040 ## - FUENTE DE LA CATALOGACIÓN

  • Centro catalogador/agencia de origen: DO-SdBNP
  • Lengua de catalogación: spa
  • Centro/agencia transcriptor: BNPHU
  • Normas de descripción: rda

100 1# - ENCABEZAMIENTO-NOMBRE DE PERSONA

  • Nombre de persona: Mella Mejías, César
  • Fechas asociadas al nombre: 1950-

370 ## - LUGAR ASOCIADO

  • Lugar de nacimiento: San Pedro de Macorís (República Dominicana)
  • Lugar de residencia/sede: Santo Domingo

374 ## - OCUPACIÓN

  • Ocupación: Psiquiatra

375 ## - GÉNERO/SEXO

  • Género/Sexo: Masculino

377 ## - LENGUA/LENGUAJE ASOCIADO

  • Código del idioma: spa
  • Término de lengua/lenguaje: Español

400 1# - TRAZADO DE VÉASE--NOMBRE DE PERSONA

  • Nombre de persona: Mejías, César Mella

400 1# - TRAZADO DE VÉASE--NOMBRE DE PERSONA

  • Nombre de persona: Mella, César

670 ## - FUENTE DE DATOS ENCONTRADOS

  • Cita de la fuente: Mella Mejías, César, Autoayuda :, 2006.

670 ## - FUENTE DE DATOS ENCONTRADOS

  • Cita de la fuente: Perfil del alcoholismo en nuestro medio, 1981

670 ## - FUENTE DE DATOS ENCONTRADOS

  • Cita de la fuente: Notas de psiquiatría popular, 1989
  • Identificador Uniforme del Recurso: https://viaf.org/processed/LC%7Cn%20%2086832605

Powered by Koha